[Event "ROM-ch (Women)"]
[Site "Sebes"]
[Date "2023.02.24"]
[Round "7"]
[White "Barila, Stefana"]
[Black "Pitigoi, Sabina Andreea"]
[Result "0-1"]
[WhiteElo "1446"]
[BlackElo "1832"]
[PlyCount "74"]
[EventDate "2023.02.19"]
[EventType "swiss"]
[EventRounds "9"]
[EventCountry "ROU"]
[SourceTitle "CBM 212 Extra"]
[Source "ChessBase"]
[SourceDate "2023.03.31"]
[SourceVersion "1"]
[SourceVersionDate "2023.03.31"]
[SourceQuality "1"]

1. d4 Nf6 2. c4 e6 3. g3 c5 4. d5 exd5 5. cxd5 d6 6. Bg2 g6 7. Nc3 Bg7 8. Nf3 0-0 9. 0-0 Re8 10. Bf4 a6 11. a4 Qc7 12. Nd2 Nh5 13. Nc4 Nxf4 14. gxf4 Nd7 15. a5 b5 16. axb6 Nxb6 17. Na5 Qe7 18. e3 h5 19. Kh1 Bd7 20. Bf3 Qh4 21. Qd2 Bf5 22. Ne2 Qf6 23. b3 Qh4 24. Rac1 Nd7 25. Ng3 Bh3 26. Bg2 Nf6 27. Rg1 Ng4 28. Bxh3 Qxh3 29. Rg2 h4 30. Nf1 Qf3 31. Kg1 Nf6 32. Qd1 Qe4 33. h3 Nxd5 34. Rc4 Qe6 35. Qg4 Rab8 36. Qxh4 Rb5 37. Nc6 Qd7 0-1

[Event "Cap Aurora FISCA op"]
[Site "Cap Aurora"]
[Date "2022.06.22"]
[Round "1"]
[White "Corbu, George Alexandru"]
[Black "Barila, Stefana"]
[Result "1-0"]
[WhiteElo "1914"]
[BlackElo "1503"]
[PlyCount "91"]
[EventDate "2022.06.22"]
[EventType "swiss"]
[EventRounds "9"]
[EventCountry "ROU"]
[SourceTitle "EXT 2023"]
[Source "ChessBase"]
[SourceDate "2022.10.05"]
[SourceVersion "1"]
[SourceVersionDate "2022.10.05"]
[SourceQuality "1"]

1. d4 Nf6 2. c4 e6 3. Nc3 Bb4 4. e3 0-0 5. Bd2 b6 6. Nf3 Bb7 7. Bd3 d5 8. cxd5 Nxd5 9. Nxd5 Bxd2+ 10. Qxd2 Bxd5 11. Qc2 h6 12. Rc1 c5 13. e4 Bb7 14. dxc5 bxc5 15. 0-0 Nd7 16. Rfd1 a6 17. Qc3 Qc7 18. Nd2 Rac8 19. Bb1 Rfd8 20. Nb3 Qb8 21. Qg3 Qxg3 22. hxg3 c4 23. Na5 Nc5 24. Rxd8+ Rxd8 25. f3 Ba8 26. Nxc4 Rb8 27. b3 f6 28. Nd6 Nd7 29. Bd3 a5 30. Rc7 Ne5 31. Bb5 Rd8 32. Rc8 Rxc8 33. Nxc8 Kf7 34. Kf2 Bc6 35. Be2 Ke8 36. Nb6 Ke7 37. Ke3 Kd6 38. Kd4 Nd7 39. Nc4+ Kc7 40. Nxa5 Ba8 41. b4 Kb6 42. Nc4+ Kc6 43. a4 Nb6 44. Nxb6 Kxb6 45. a5+ Kc6 46. b5+ 1-0

[Event "ROM-ch U16 Girls"]
[Site "Mamaia"]
[Date "2021.04.09"]
[Round "4"]
[White "Albu, Camelia"]
[Black "Barila, Stefana"]
[Result "1-0"]
[WhiteElo "1504"]
[BlackElo "1421"]
[PlyCount "63"]
[EventDate "2021.04.07"]
[EventType "swiss"]
[EventRounds "9"]
[EventCountry "ROU"]
[SourceTitle "EXT 2022"]
[Source "ChessBase"]
[SourceDate "2021.10.06"]
[SourceVersion "1"]
[SourceVersionDate "2021.10.06"]
[SourceQuality "1"]

1. d4 Nf6 2. c4 e6 3. Nc3 Bb4 4. f3 0-0 5. a3 Bxc3+ 6. bxc3 Ne8 7. e4 b6 8. Bd3 Ba6 9. Qc2 Nc6 10. Ne2 Na5 11. e5 f5 12. exf6 Nxf6 13. Ng3 Bxc4 14. Be4 d5 15. Bd3 Qd6 16. Bg5 Bxd3 17. Qxd3 e5 18. 0-0 exd4 19. cxd4 Nc4 20. Rfe1 Rae8 21. Nf5 Qd7 22. g4 Re6 23. h4 Rfe8 24. Kf2 c6 25. Bf4 g6 26. Ng3 Rxe1 27. Rxe1 Rxe1 28. Kxe1 Qe7+ 29. Kf2 Qxa3 30. Qd1 Qb2+ 31. Kg1 Kf7 32. h5 1-0

[Event "ROM-ch U16 Girls"]
[Site "Mamaia"]
[Date "2021.04.09"]
[Round "3"]
[White "Petrescu, Andreea"]
[Black "Barila, Stefana"]
[Result "0-1"]
[WhiteElo "1558"]
[BlackElo "1421"]
[PlyCount "90"]
[EventDate "2021.04.07"]
[EventType "swiss"]
[EventRounds "9"]
[EventCountry "ROU"]
[SourceTitle "EXT 2022"]
[Source "ChessBase"]
[SourceDate "2021.10.06"]
[SourceVersion "1"]
[SourceVersionDate "2021.10.06"]
[SourceQuality "1"]

1. d4 Nf6 2. Nf3 e6 3. Bf4 c5 4. e3 d5 5. c3 Bd6 6. Bg3 0-0 7. Bd3 Qc7 8. Ne5 Nbd7 9. f4 a6 10. a4 b6 11. Nd2 Bb7 12. 0-0 Ne4 13. Qc2 Ndf6 14. Bh4 cxd4 15. exd4 Nxd2 16. Qxd2 Ne4 17. Bxe4 dxe4 18. Bg3 f5 19. Rfe1 b5 20. Qe2 Bc6 21. b3 bxa4 22. bxa4 Bd5 23. Qd2 Rfc8 24. Rec1 Bxe5 25. fxe5 Bc4 26. Bf4 Rab8 27. Rcb1 Rb7 28. a5 Rcb8 29. Rb4 Bb5 30. h3 Bd3 31. Qb2 Rb5 32. Bd2 Rc8 33. Qa2 Bc4 34. Qb2 g6 35. Qa3 Rcb8 36. Rc1 Rc8 37. Kh2 Rxa5 38. Ra4 Rxa4 39. Qxa4 Qc6 40. Qa3 Qc7 41. Ra1 Rb8 42. Bh6 Kf7 43. Rb1 Qd8 44. Ra1 Qe7 45. Qa5 Rb3 0-1

[Event "ROM-ch U14 Girls"]
[Site "Calimanesti Caciulata"]
[Date "2019.04.20"]
[Round "7"]
[White "Schiopu, Oana Magdalena"]
[Black "Barila, Stefana"]
[Result "1-0"]
[WhiteElo "1622"]
[BlackElo "1322"]
[PlyCount "99"]
[EventDate "2019.04.15"]
[EventType "swiss"]
[EventRounds "9"]
[EventCountry "ROU"]
[SourceTitle "CBM 190 Extra"]
[Source "ChessBase"]
[SourceDate "2019.07.15"]
[SourceVersion "1"]
[SourceVersionDate "2019.07.15"]
[SourceQuality "1"]

1. e4 c6 2. d4 d5 3. Nc3 dxe4 4. Nxe4 Bf5 5. Ng3 Bg6 6. Nh3 e6 7. Nf4 Bd6 8. h4 Bxf4 9. Bxf4 h6 10. h5 Bh7 11. Bc4 Nf6 12. 0-0 0-0 13. Re1 Nd5 14. Be5 Nd7 15. c3 Nxe5 16. dxe5 Qc7 17. Qg4 Rad8 18. Kh1 Nb6 19. Bb3 Rd2 20. Re2 Rfd8 21. Rae1 c5 22. a3 c4 23. Ba2 Qc6 24. Qh4 R8d7 25. Rxd2 Rxd2 26. Nf1 Rd7 27. Nh2 Na4 28. Ng4 Nxb2 29. Qg3 Kf8 30. Nf6 gxf6 31. exf6 Qd6 32. Qg7+ Ke8 33. Qxh7 Qf8 34. Qb1 Nd3 35. Rf1 Qxa3 36. Bxc4 Qxc3 37. Bb5 Nc5 38. Bxd7+ Nxd7 39. Qxb7 Qxf6 40. Rd1 Qe7 41. Qxa7 e5 42. Qa8+ Qd8 43. Qc6 f6 44. Qe6+ Qe7 45. Qg8+ Qf8 46. Qh7 Nc5 47. Ra1 Qf7 48. Ra8+ Ke7 49. Ra7+ Nd7 50. Rxd7+ 1-0

[Event "ROM-ch U12 Girls"]
[Site "Calimanesti"]
[Date "2018.04.01"]
[Round "7"]
[White "Barila, Stefana"]
[Black "Ciocan, Ariana Roxana"]
[Result "1/2-1/2"]
[WhiteElo "1426"]
[BlackElo "1339"]
[PlyCount "114"]
[EventDate "2018.03.27"]
[EventType "swiss"]
[EventRounds "9"]
[EventCountry "ROU"]
[SourceTitle "CBM 183 Extra"]
[Source "ChessBase"]
[SourceDate "2018.04.19"]
[SourceVersion "1"]
[SourceVersionDate "2018.04.19"]
[SourceQuality "1"]

1. e4 e5 2. Nf3 Nc6 3. Bb5 a6 4. Ba4 b5 5. Bb3 Bb7 6. c3 Be7 7. 0-0 Nf6 8. Re1 0-0 9. d4 d6 10. Nbd2 h6 11. Nf1 Re8 12. Ng3 Bf8 13. Nf5 exd4 14. N3xd4 Nxd4 15. Nxd4 Nxe4 16. Be3 Qf6 17. Bc2 g6 18. a4 c5 19. Nf3 Bg7 20. h3 Qe7 21. Bxe4 Bxe4 22. Nh2 Qb7 23. f3 Bd5 24. Qd2 Kh7 25. Ng4 h5 26. Nf2 Qc6 27. axb5 axb5 28. Rad1 Bb3 29. Qxd6 Qxd6 30. Rxd6 Bh6 31. Bd2 Bxd2 32. Rxe8 Rxe8 33. Rxd2 Re7 34. Ne4 Rc7 35. Kf2 Kg7 36. Rd6 Kf8 37. Kg3 Ke7 38. Rd2 Ke6 39. Kf4 Bc4 40. g4 hxg4 41. hxg4 Ke7 42. g5 Be6 43. Nf6 Ra7 44. Ke5 Rc7 45. Kf4 Ra7 46. Ne4 Rc7 47. Ke3 b4 48. cxb4 cxb4 49. Rd4 b3 50. Nf6 Rc2 51. Rd2 Rxd2 52. Kxd2 Kd6 53. f4 Kc5 54. Kc3 Bc4 55. Ne4+ Kd5 56. Nf6+ Kc5 57. Ne4+ Kd5 1/2-1/2

[Event "ROM-ch U12 Girls"]
[Site "Calimanesti"]
[Date "2018.03.30"]
[Round "5"]
[White "Barila, Stefana"]
[Black "Schiopu, Oana Magdalena"]
[Result "0-1"]
[WhiteElo "1426"]
[BlackElo "1468"]
[PlyCount "122"]
[EventDate "2018.03.27"]
[EventType "swiss"]
[EventRounds "9"]
[EventCountry "ROU"]
[SourceTitle "CBM 183 Extra"]
[Source "ChessBase"]
[SourceDate "2018.04.19"]
[SourceVersion "1"]
[SourceVersionDate "2018.04.19"]
[SourceQuality "1"]

1. e4 c5 2. Nc3 d6 3. f4 a6 4. Nf3 e6 5. g3 b5 6. Bg2 Bb7 7. d3 Nd7 8. 0-0 Be7 9. a3 Ngf6 10. h3 Rc8 11. Bd2 Qb6 12. Kh2 0-0 13. g4 Qc7 14. Qe1 b4 15. Nd1 bxa3 16. Rxa3 e5 17. f5 d5 18. Nf2 Qb8 19. g5 Nh5 20. Rg1 c4 21. Ra1 cxd3 22. cxd3 Bc5 23. Be3 Bxe3 24. Qxe3 d4 25. Qd2 Nf4 26. Ng4 Nc5 27. Raf1 Ncxd3 28. Nf2 Nxf2 29. Qxf2 Bxe4 30. f6 Rc2 31. Qh4 Bxf3 32. Rxf3 Nxg2 33. Rxg2 e4+ 34. Rfg3 Rxg2+ 35. Kxg2 Qxb2+ 36. Kh1 Rc8 37. Qxe4 Rc1+ 38. Rg1 Rxg1+ 39. Kxg1 Qc1+ 40. Kh2 Qc7+ 41. Kh1 Qd8 42. fxg7 Qxg5 43. Qxd4 h6 44. Qb6 Qg6 45. Qb2 Qxg7 46. Qb8+ Kh7 47. Kh2 a5 48. Qb5 Qg5 49. Qd3+ Qg6 50. Qb5 Qc2+ 51. Kh1 a4 52. Qd5 Qg6 53. Qd7 a3 54. Qa7 Qb1+ 55. Kh2 Qb2+ 56. Kh1 Qb3 57. Qe7 a2 58. Qe4+ Kg8 59. Qe8+ Kg7 60. Qe5+ f6 61. Qc7+ Kg6 0-1

[Event "ROM-ch U12 Girls"]
[Site "Baile Felix"]
[Date "2017.02.07"]
[Round "7"]
[White "Barila, Stefana"]
[Black "Palos, Andra Maria"]
[Result "1/2-1/2"]
[WhiteElo "1279"]
[BlackElo "1274"]
[PlyCount "56"]
[EventDate "2017.02.02"]
[EventType "swiss"]
[EventRounds "9"]
[EventCountry "ROU"]
[SourceTitle "CBM 176 Extra"]
[Source "ChessBase"]
[SourceDate "2017.03.02"]
[SourceVersion "1"]
[SourceVersionDate "2017.03.02"]
[SourceQuality "1"]

1. e4 c5 2. Nc3 d6 3. g3 Nc6 4. Bg2 Nf6 5. Nge2 g6 6. 0-0 Bg7 7. d4 cxd4 8. Nxd4 Bd7 9. Be3 0-0 10. h3 a6 11. Kh2 Rc8 12. f4 Qc7 13. Qd2 e5 14. Nxc6 Bxc6 15. f5 b5 16. a3 Bb7 17. Rac1 Qc6 18. Bh6 Rfd8 19. Bxg7 Kxg7 20. fxg6 fxg6 21. Rf2 Rf8 22. Rcf1 Rc7 23. Nd5 Rcf7 24. Nxf6 Rxf6 25. Rxf6 Rxf6 26. Rxf6 Kxf6 27. c3 Kg7 28. h4 Bc8 1/2-1/2

[Event "ROM-ch U10 Girls"]
[Site "Calimanesti Caciulata"]
[Date "2016.04.24"]
[Round "8"]
[White "Boureanu, Bianca Alina"]
[Black "Barila, Stefana"]
[Result "0-1"]
[WhiteElo "1052"]
[BlackElo "1288"]
[PlyCount "86"]
[EventDate "2016.04.18"]
[EventType "swiss"]
[EventRounds "9"]
[EventCountry "ROU"]
[SourceTitle "CBM 172 Extra"]
[Source "ChessBase"]
[SourceDate "2016.06.21"]
[SourceVersion "1"]
[SourceVersionDate "2016.06.21"]
[SourceQuality "1"]

1. e4 e5 2. Nf3 Nc6 3. Bc4 Nf6 4. Nc3 Bb4 5. d3 h6 6. Bd2 d6 7. h3 Be6 8. Bb3 0-0 9. 0-0 Qd7 10. Ba4 a6 11. d4 exd4 12. Nxd4 b5 13. Nxc6 Qxc6 14. Bb3 Bxc3 15. Bxc3 Nxe4 16. Qd3 Nxc3 17. Qxc3 Qxc3 18. bxc3 Rfe8 19. Rfe1 Bf5 20. a4 c5 21. Bd5 Rac8 22. Bb7 Rb8 23. Bc6 Rxe1+ 24. Rxe1 Bxc2 25. axb5 axb5 26. Bd5 b4 27. Re7 b3 28. Bxf7+ Kf8 29. Ra7 b2 30. Ba2 b1Q+ 31. Bxb1 Rxb1+ 32. Kh2 d5 33. Rd7 Bb3 34. Rb7 d4 35. cxd4 c4 36. d5 Rd1 37. Rb5 c3 38. Rxb3 c2 39. d6 c1Q 40. Rb8+ Kf7 41. Rb7+ Kg6 42. d7 Qf4+ 43. g3 Qxf2# 0-1

[Event "ROM-ch U10 Girls"]
[Site "Calimanesti Caciulata"]
[Date "2016.04.23"]
[Round "7"]
[White "Barila, Stefana"]
[Black "Nicoara, Iris Maria"]
[Result "1-0"]
[WhiteElo "1288"]
[BlackElo "1143"]
[PlyCount "122"]
[EventDate "2016.04.18"]
[EventType "swiss"]
[EventRounds "9"]
[EventCountry "ROU"]
[SourceTitle "CBM 172 Extra"]
[Source "ChessBase"]
[SourceDate "2016.06.21"]
[SourceVersion "1"]
[SourceVersionDate "2016.06.21"]
[SourceQuality "1"]

1. e4 e5 2. Nf3 Nf6 3. Nxe5 d6 4. Nf3 Nxe4 5. Qe2 Qe7 6. Nc3 Nf6 7. d3 Qxe2+ 8. Bxe2 Nc6 9. Bg5 Be7 10. h3 h6 11. Bh4 Bf5 12. a3 0-0 13. 0-0-0 a6 14. g4 Be6 15. Nd2 Nd4 16. Rhe1 Nxe2+ 17. Rxe2 Nd5 18. Bg3 Bg5 19. f4 Bf6 20. Nde4 Rad8 21. Nxf6+ gxf6 22. Bh4 Kg7 23. Nxd5 Bxd5 24. c4 Be6 25. f5 d5 26. Ree1 Bc8 27. Re7 c6 28. Re2 dxc4 29. dxc4 Rfe8 30. Rxe8 Rxe8 31. Rf1 b5 32. cxb5 axb5 33. Rd1 Re3 34. Rd6 Rxh3 35. Bxf6+ Kh7 36. Rxc6 Rh1+ 37. Kc2 Rh2+ 38. Kb3 Rh3+ 39. Kb4 Bd7 40. Rc7 Bxf5 41. gxf5 h5 42. Rxf7+ Kh6 43. Be5 Kg5 44. Rg7+ Kxf5 45. Bc7 Rf3 46. a4 bxa4 47. Kxa4 h4 48. b4 h3 49. b5 Rf2 50. b6 h2 51. Bxh2 Rxh2 52. b7 Rh8 53. Kb5 Kf6 54. Rc7 Ke6 55. Kb6 Kd6 56. Rg7 Rb8 57. Ka7 Rd8 58. b8Q+ Rxb8 59. Kxb8 Kd5 60. Kc7 Kc5 61. Rg6 Kd5 1-0

[Event "ROM-ch U10 Girls"]
[Site "Calimanesti"]
[Date "2015.04.06"]
[Round "9"]
[White "Nicola, Anamaria Ioana"]
[Black "Barila, Stefana"]
[Result "1-0"]
[WhiteElo "1545"]
[BlackElo "1056"]
[PlyCount "83"]
[EventDate "2015.03.30"]
[EventType "swiss"]
[EventRounds "9"]
[EventCountry "ROU"]
[SourceTitle "CBM 165 Extra"]
[Source "ChessBase"]
[SourceDate "2015.04.21"]
[SourceVersion "1"]
[SourceVersionDate "2015.04.21"]
[SourceQuality "1"]

1. d4 d5 2. c4 e6 3. e3 Nf6 4. Nc3 Bb4 5. Nf3 0-0 6. Be2 Bd7 7. 0-0 Nc6 8. Bd2 h6 9. a3 Ba5 10. b4 Bb6 11. c5 Bxc5 12. bxc5 a5 13. Qc2 b6 14. cxb6 cxb6 15. Qb2 Re8 16. Rab1 Rb8 17. Bb5 Nh7 18. Bxc6 Bxc6 19. Ne5 Qc7 20. Nxc6 Qxc6 21. Qb5 Qc7 22. Rfc1 Qa7 23. Qb2 e5 24. Nxd5 e4 25. Nc3 f5 26. Qb3+ Kh8 27. Nb5 Qd7 28. Rc7 Qd8 29. Qf7 Rg8 30. Qxf5 Re8 31. Qf7 Rg8 32. Qe7 Qd5 33. Qe5 Qa2 34. Qxe4 Qxd2 35. Rc2 Qxc2 36. Qxc2 Rbc8 37. Nd6 Rgf8 38. Nxc8 b5 39. Rxb5 a4 40. h3 Ng5 41. Rxg5 hxg5 42. Nb6 1-0

[Event "ROM-ch U10 Girls"]
[Site "Calimanesti"]
[Date "2015.04.05"]
[Round "8"]
[White "Barila, Stefana"]
[Black "Schiopu, Oana Magdalena"]
[Result "1-0"]
[WhiteElo "1056"]
[BlackElo "1357"]
[PlyCount "73"]
[EventDate "2015.03.30"]
[EventType "swiss"]
[EventRounds "9"]
[EventCountry "ROU"]
[SourceTitle "CBM 165 Extra"]
[Source "ChessBase"]
[SourceDate "2015.04.21"]
[SourceVersion "1"]
[SourceVersionDate "2015.04.21"]
[SourceQuality "1"]

1. e4 e5 2. Nf3 Nc6 3. Bb5 Bc5 4. 0-0 d6 5. h3 Nf6 6. Nc3 0-0 7. d3 h6 8. Be3 Bb6 9. d4 exd4 10. Nxd4 Nxd4 11. Bxd4 Be6 12. a3 Qc8 13. Bxf6 gxf6 14. Qf3 Kh7 15. Qh5 Rg8 16. Kh2 c6 17. Bd3 Rg5 18. e5+ f5 19. Qh4 dxe5 20. f4 exf4 21. Rxf4 Bc7 22. Raf1 Qd8 23. Qf2 Bd5 24. g3 Bxf4 25. Qxf4 Be6 26. g4 Qf6 27. h4 Rxg4 28. Qxg4 Kh8 29. Bxf5 Bxf5 30. Rxf5 Qd6+ 31. Kh3 Rg8 32. Qf3 Qg6 33. Rxf7 Qe6+ 34. Kh2 Qe5+ 35. Qf4 Qh5 36. Qf6+ Rg7 37. Qxg7# 1-0

[Event "ROM-ch U10 Girls"]
[Site "Calimanesti"]
[Date "2015.04.01"]
[Round "3"]
[White "Barila, Stefana"]
[Black "Csurka, Noemi"]
[Result "1/2-1/2"]
[WhiteElo "1056"]
[BlackElo "1038"]
[PlyCount "62"]
[EventDate "2015.03.30"]
[EventType "swiss"]
[EventRounds "9"]
[EventCountry "ROU"]
[SourceTitle "CBM 165 Extra"]
[Source "ChessBase"]
[SourceDate "2015.04.21"]
[SourceVersion "1"]
[SourceVersionDate "2015.04.21"]
[SourceQuality "1"]

1. e4 e5 2. Nf3 Nc6 3. Bb5 Nf6 4. 0-0 Nxe4 5. Re1 Nd6 6. Bxc6 dxc6 7. Rxe5+ Be7 8. Nc3 Bg4 9. d3 0-0 10. h3 Bxf3 11. Qxf3 Bf6 12. Re1 h6 13. a3 Bxc3 14. bxc3 Nb5 15. c4 Nd4 16. Qd1 b5 17. cxb5 cxb5 18. Bb2 c5 19. c3 Nc6 20. c4 bxc4 21. dxc4 Qxd1 22. Raxd1 Rad8 23. a4 Rxd1 24. Rxd1 Nb8 25. a5 Nc6 26. Bc3 Re8 27. f4 Re3 28. Rc1 g5 29. fxg5 hxg5 30. Kf2 Re6 31. Be1 Nd4 1/2-1/2

[Event "ROM-ch U08 Girls"]
[Site "Calimanesti"]
[Date "2014.04.07"]
[Round "2"]
[White "Preda, Alessia Elena"]
[Black "Barila, Stefana"]
[Result "1-0"]
[WhiteElo "1101"]
[BlackElo "1001"]
[PlyCount "67"]
[EventDate "2014.04.06"]
[EventType "swiss"]
[EventRounds "9"]
[EventCountry "ROU"]
[SourceTitle "CBM 160 Extra"]
[Source "ChessBase"]
[SourceDate "2014.07.01"]
[SourceVersion "1"]
[SourceVersionDate "2014.07.01"]
[SourceQuality "1"]

1. e4 e5 2. Nf3 Nc6 3. d4 Nf6 4. Nc3 Bd6 5. Bc4 0-0 6. 0-0 b6 7. Be3 a5 8. Qd2 Ba6 9. Bxa6 Rxa6 10. Qe2 Ra8 11. Rfe1 h6 12. Rad1 Bb4 13. Rf1 Bxc3 14. bxc3 d5 15. Nxe5 Nxe5 16. dxe5 Ng4 17. Bf4 Qh4 18. Rxd5 Rfe8 19. h3 Re6 20. Qxg4 Qxg4 21. hxg4 Rg6 22. f3 Rc6 23. Rd3 b5 24. Rfd1 b4 25. Rd8+ Rxd8 26. Rxd8+ Kh7 27. Rd7 Rxc3 28. Rxf7 Rxc2 29. e6 Rxa2 30. e7 b3 31. e8Q b2 32. Qf8 b1Q+ 33. Kh2 Qc2 34. Qxg7# 1-0